| 000 | 00951cam a2200217 4500 | ||
|---|---|---|---|
| 001 | ABS65422 | ||
| 008 | 020508n2002 000 0 eng u | ||
| 035 | _a(Sirsi) u117874 | ||
| 100 | _aBroadbent, M | ||
| 245 | _aWho wants to be in (commercial) oceanography? | ||
| 260 | _c2002 | ||
| 490 |
_aHydro International _v April 2002, 6-9(3) |
||
| 520 | _aLooks at lack of oceanographers in marine survey industry, especially subgroups of hydrography, marine geophysics or oceanography. Concludes few people want constantly-at-sea lifestyle of commercial oceanography, and most settle at navigator's computer. Client's representative as project manager will ensure appropriate data is obtained, which may encourage their application in commercial industry. | ||
| 590 | _aABS | ||
| 650 | _aOCEANOGRAPHY | ||
| 650 | _aMARINE SURVEYING | ||
| 650 |
_aHYDROGRAPHY _96245 |
||
| 650 | _aGEOPHYSICS | ||
| 690 | _aMARINE RESOURCE MANAGEMENT | ||
| 942 | _n0 | ||
| 999 |
_c70197 _d70197 |
||